[Event "Catalan-ch U10/20"]
[Site "Tarragona"]
[Date "2022.04.14"]
[Round "9"]
[White "Masague Artero, Guerau"]
[Black "Sarrate Presas, Jordi"]
[Result "1-0"]
[WhiteElo "2321"]
[BlackElo "1911"]
[PlyCount "61"]
[EventDate "2022.04.09"]
[EventType "swiss"]
[EventRounds "9"]
[EventCountry "ESP"]
[SourceTitle "EXT 2023"]
[Source "ChessBase"]
[SourceDate "2022.10.05"]
[SourceVersion "1"]
[SourceVersionDate "2022.10.05"]
[SourceQuality "1"]

1. d4 c5 2. d5 e5 3. e4 d6 4. Ne2 Be7 5. Nec3 Bg5 6. Bb5+ Nd7 7. a4 Bxc1 8. Qxc1 a6 9. Bd3 b6 10. Na3 Rb8 11. 0-0 Ne7 12. Qd2 Ng6 13. Rab1 Nf4 14. g3 Nxd3 15. cxd3 0-0 16. b4 Qc7 17. Nc4 b5 18. axb5 axb5 19. Ne3 Nf6 20. bxc5 Qxc5 21. Rfc1 b4 22. Na2 Qd4 23. Rc4 Qa7 24. Rcxb4 Ba6 25. Nf5 Rxb4 26. Nxb4 Rb8 27. Ra1 Rb6 28. Qg5 Ne8 29. Ne7+ Kf8 30. Nc8 Qb8 31. Qe7+ 1-0

[Event "Catalan-ch U10/20"]
[Site "Tarragona"]
[Date "2022.04.10"]
[Round "3"]
[White "Sarrate Presas, Jordi"]
[Black "Garcia Escoda, Marc"]
[Result "0-1"]
[WhiteElo "1911"]
[BlackElo "2125"]
[PlyCount "68"]
[EventDate "2022.04.09"]
[EventType "swiss"]
[EventRounds "9"]
[EventCountry "ESP"]
[SourceTitle "EXT 2023"]
[Source "ChessBase"]
[SourceDate "2022.10.05"]
[SourceVersion "1"]
[SourceVersionDate "2022.10.05"]
[SourceQuality "1"]

1. d4 Nf6 2. c4 e6 3. Nc3 Bb4 4. a3 Bxc3+ 5. bxc3 b6 6. e3 c5 7. Bd3 Nc6 8. Ne2 0-0 9. 0-0 Ba6 10. e4 d6 11. Bg5 Na5 12. e5 dxe5 13. dxe5 h6 14. Bh4 g5 15. exf6 gxh4 16. Nf4 Kh8 17. Qe2 Bb7 18. Nh5 Rg8 19. g3 Qd6 20. Rfe1 Qc6 21. f3 Qxf3 22. Qxf3 Bxf3 23. Ng7 Rad8 24. Re3 Bc6 25. Rf1 Rd6 26. Rf4 Rgd8 27. Be4 Bxe4 28. Rexe4 Rd1+ 29. Kg2 hxg3 30. Rh4 R1d2+ 31. Kxg3 R8d3+ 32. Kg4 Rg2+ 33. Kh5 Kh7 34. Reg4 Rxg4 0-1

[Event "Barcelona Sant Marti op-B 20th"]
[Site "Barcelona"]
[Date "2018.07.18"]
[Round "6"]
[White "Sarrate Presas, Jordi"]
[Black "Munoz Lozano, Jorge Manuel"]
[Result "0-1"]
[WhiteElo "1648"]
[BlackElo "1787"]
[PlyCount "42"]
[EventDate "2018.07.13"]
[EventType "swiss"]
[EventRounds "9"]
[EventCountry "ESP"]
[SourceTitle "EXT 2019"]
[Source "ChessBase"]
[SourceDate "2018.10.10"]
[SourceVersion "1"]
[SourceVersionDate "2018.10.10"]
[SourceQuality "1"]

1. c4 g6 2. Nc3 Bg7 3. g3 d6 4. Bg2 e5 5. e3 Nf6 6. Nge2 c6 7. d4 0-0 8. 0-0 Nbd7 9. b4 Nb6 10. Qb3 Be6 11. d5 cxd5 12. cxd5 Bd7 13. e4 Nh5 14. f4 exf4 15. Nxf4 Rc8 16. Bb2 Nxf4 17. Rxf4 Nc4 18. Bc1 Qb6+ 19. Kh1 Qd4 20. Rf3 Bg4 21. Rf1 Qxc3 0-1

[Event "Barcelona Sant Marti op-B 20th"]
[Site "Barcelona"]
[Date "2018.07.14"]
[Round "2"]
[White "Sarrate Presas, Jordi"]
[Black "Julia Yebra, David"]
[Result "1-0"]
[WhiteElo "1648"]
[BlackElo "1808"]
[PlyCount "116"]
[EventDate "2018.07.13"]
[EventType "swiss"]
[EventRounds "9"]
[EventCountry "ESP"]
[SourceTitle "EXT 2019"]
[Source "ChessBase"]
[SourceDate "2018.10.10"]
[SourceVersion "1"]
[SourceVersionDate "2018.10.10"]
[SourceQuality "1"]

1. e4 c5 2. Nf3 d6 3. Bb5+ Bd7 4. Bxd7+ Nxd7 5. 0-0 Ngf6 6. Re1 g6 7. d4 cxd4 8. Nxd4 Bg7 9. Nc3 0-0 10. Be3 Ne5 11. f3 Nc4 12. Bc1 Qa5 13. Nce2 Rac8 14. b3 Ne5 15. c4 Nfd7 16. Be3 a6 17. a3 Qc7 18. Nf4 Nf6 19. Nd3 Nc6 20. Nxc6 Qxc6 21. Nb4 Qd7 22. Rc1 b5 23. Nxa6 bxc4 24. bxc4 Ra8 25. Nb4 Rxa3 26. c5 dxc5 27. Bxc5 Qxd1 28. Rexd1 Bh6 29. Rb1 Be3+ 30. Bxe3 Rxe3 31. Nd5 Nxd5 32. Rxd5 Rc3 33. Rd7 e6 34. Rbb7 Rc2 35. h3 Rc5 36. Kf2 h5 37. h4 Kg7 38. Re7 Kg8 39. Kg3 e5 40. Kh3 Kg7 41. Rb6 Ra8 42. Rbb7 Rf8 43. g4 Kf6 44. g5+ Kg7 45. Rb6 Rc1 46. Rxe5 Rh1+ 47. Kg3 Rg1+ 48. Kh2 Rc1 49. Re7 Rc2+ 50. Kg3 Rc1 51. Rf6 Rg1+ 52. Kh2 Rf1 53. Kg2 Rc1 54. e5 Rc5 55. e6 Rf5 56. Rxf5 gxf5 57. Rxf7+ Rxf7 58. exf7 Kxf7 1-0

[Event "Montcada op-B 26th"]
[Site "Montcada"]
[Date "2018.06.30"]
[Round "7"]
[White "Parra Ordorica, Gorka"]
[Black "Sarrate Presas, Jordi"]
[Result "1-0"]
[WhiteElo "1798"]
[BlackElo "1708"]
[PlyCount "67"]
[EventDate "2018.06.25"]
[EventType "swiss"]
[EventRounds "9"]
[EventCountry "ESP"]
[SourceTitle "EXT 2019"]
[Source "ChessBase"]
[SourceDate "2018.10.10"]
[SourceVersion "1"]
[SourceVersionDate "2018.10.10"]
[SourceQuality "1"]

1. e4 d5 2. exd5 Qxd5 3. Nc3 Qd6 4. d3 Nf6 5. h3 a6 6. Nf3 Nc6 7. Be3 Bf5 8. Qd2 h6 9. Be2 0-0-0 10. 0-0-0 e5 11. Rhe1 Nd5 12. Kb1 Nxc3+ 13. Qxc3 Qd5 14. Qb3 Qd7 15. d4 Nb4 16. Rd2 e4 17. Ne5 Qe8 18. Nxf7 Be6 19. Bg4 Bxg4 20. hxg4 Rd7 21. Nxh8 Nd5 22. Rde2 g5 23. Bd2 Nf6 24. c3 Bd6 25. f3 Re7 26. Nf7 Rxf7 27. fxe4 Bg3 28. Rf1 Qd7 29. e5 Qxg4 30. Qc4 Bxe5 31. Rxe5 Ne4 32. Re8+ Kd7 33. Qxf7+ Kc6 34. Qe6+ 1-0

[Event "Montcada op-B 26th"]
[Site "Montcada"]
[Date "2018.06.30"]
[Round "6"]
[White "Sarrate Presas, Jordi"]
[Black "Corella Martin, Eduardo"]
[Result "0-1"]
[WhiteElo "1708"]
[BlackElo "1893"]
[PlyCount "60"]
[EventDate "2018.06.25"]
[EventType "swiss"]
[EventRounds "9"]
[EventCountry "ESP"]
[SourceTitle "EXT 2019"]
[Source "ChessBase"]
[SourceDate "2018.10.10"]
[SourceVersion "1"]
[SourceVersionDate "2018.10.10"]
[SourceQuality "1"]

1. e4 c6 2. d4 d5 3. e5 c5 4. c3 Nc6 5. Na3 e6 6. Nc2 Bd7 7. f4 Nge7 8. Nf3 Nf5 9. Bd3 g6 10. Ne3 cxd4 11. Bxf5 dxe3 12. Bc2 Qb6 13. a3 a5 14. b3 Bc5 15. Bb2 Qa7 16. Nd4 Rc8 17. Ne2 Ne7 18. 0-0 Nf5 19. Re1 Bc6 20. Nd4 Bb5 21. Bd3 Nxd4 22. cxd4 Bxd3 23. Qxd3 Bb6 24. Rac1 0-0 25. Qxe3 Rc6 26. Kh1 Rfc8 27. Bc3 Qa6 28. Qd2 Qb5 29. Qb2 Qd3 30. Red1 Rxc3 0-1

[Event "Llinars del Valles op-A 12th"]
[Site "Llinars del Valles"]
[Date "2018.04.28"]
[Round "3"]
[White "Sarrate Presas, Jordi"]
[Black "Salvans Serra, Arnau"]
[Result "1-0"]
[WhiteElo "1708"]
[BlackElo "1686"]
[PlyCount "103"]
[EventDate "2018.04.14"]
[EventType "swiss"]
[EventRounds "8"]
[EventCountry "ESP"]
[SourceTitle "CBM 184 Extra"]
[Source "ChessBase"]
[SourceDate "2018.06.28"]
[SourceVersion "1"]
[SourceVersionDate "2018.06.28"]
[SourceQuality "1"]

1. e4 c5 2. Nf3 e6 3. b3 a6 4. Bb2 b5 5. c4 b4 6. d4 cxd4 7. Nxd4 Bb7 8. Bd3 d6 9. 0-0 Nf6 10. Re1 Nbd7 11. f3 Qb6 12. Kh1 Nc5 13. Bc2 Be7 14. a3 bxa3 15. Bxa3 0-0 16. Nc3 Rac8 17. f4 g6 18. f5 e5 19. Nf3 Ng4 20. Re2 Nd7 21. Qd2 Rfd8 22. h3 Ngf6 23. g4 Bf8 24. Rg1 Nb8 25. Nd5 Bxd5 26. exd5 Bg7 27. h4 Nbd7 28. h5 Nf8 29. Nh4 gxh5 30. gxh5 Nxh5 31. Qg5 f6 32. Qxh5 Rd7 33. Reg2 Rcc7 34. Bc1 Qa7 35. Bh6 a5 36. Nf3 Re7 37. Qh4 Rf7 38. Bxg7 Rxg7 39. Qxf6 Rxg2 40. Rxg2+ Rg7 41. Rxg7+ Qxg7 42. Qxg7+ Kxg7 43. Ng5 Kf6 44. Ne4+ Kxf5 45. Nxd6+ Kf4 46. c5 Nd7 47. c6 Nb6 48. c7 h5 49. c8Q Nxc8 50. Nxc8 e4 51. Bxe4 Kxe4 52. d6 1-0

[Event "Barcelona Sant Marti op-B 19th"]
[Site "Barcelona"]
[Date "2017.07.20"]
[Round "8"]
[White "Garcia Quevedo, Jose"]
[Black "Sarrate Presas, Jordi"]
[Result "0-1"]
[WhiteElo "1882"]
[BlackElo "1770"]
[PlyCount "58"]
[EventDate "2017.07.13"]
[EventType "swiss"]
[EventRounds "9"]
[EventCountry "ESP"]
[SourceTitle "EXT 2018"]
[Source "ChessBase"]
[SourceDate "2017.10.13"]
[SourceVersion "1"]
[SourceVersionDate "2017.10.13"]
[SourceQuality "1"]

1. d4 d5 2. c4 e6 3. Nc3 Nf6 4. cxd5 exd5 5. Bg5 Be7 6. e3 c6 7. Bd3 Be6 8. Qc2 Nbd7 9. Nge2 h6 10. Bh4 Nh5 11. Bxe7 Qxe7 12. 0-0 0-0 13. Rad1 Nb6 14. Rfe1 Rfe8 15. Qd2 Nc4 16. Bxc4 dxc4 17. e4 Rad8 18. d5 cxd5 19. exd5 Qc5 20. Nf4 Nxf4 21. Qxf4 Bc8 22. Rxe8+ Rxe8 23. h3 Rd8 24. d6 Be6 25. Rd2 Qc6 26. Qe5 a6 27. f4 Re8 28. Qd4 Bd7 29. Ne4 Rxe4 0-1

[Event "Barcelona Sant Marti op-B 19th"]
[Site "Barcelona"]
[Date "2017.07.18"]
[Round "6"]
[White "Del Valle, Clemence"]
[Black "Sarrate Presas, Jordi"]
[Result "1/2-1/2"]
[WhiteElo "1759"]
[BlackElo "1770"]
[PlyCount "60"]
[EventDate "2017.07.13"]
[EventType "swiss"]
[EventRounds "9"]
[EventCountry "ESP"]
[SourceTitle "EXT 2018"]
[Source "ChessBase"]
[SourceDate "2017.10.13"]
[SourceVersion "1"]
[SourceVersionDate "2017.10.13"]
[SourceQuality "1"]

1. e4 d5 2. exd5 Qxd5 3. Nc3 Qd6 4. d4 Nf6 5. Nf3 a6 6. Bd3 Bg4 7. h3 Bh5 8. Ne4 Nxe4 9. Bxe4 Nc6 10. c3 0-0-0 11. Be3 e6 12. Qa4 f6 13. b4 Na7 14. Qa5 f5 15. Bd3 Bxf3 16. gxf3 Qc6 17. Ke2 Nb5 18. Bxb5 Qxb5+ 19. Qxb5 axb5 20. Rhg1 g6 21. Bg5 Rd7 22. a4 bxa4 23. Rxa4 Rf7 24. Ra8+ Kd7 25. Rd8+ Kc6 26. Re8 Kd7 27. Rd8+ Kc6 28. Re8 Kd7 29. Rd8+ Kc6 30. Re8 Kd7 1/2-1/2

[Event "Barcelona Sant Marti op-B 19th"]
[Site "Barcelona"]
[Date "2017.07.15"]
[Round "3"]
[White "Elizondo Marquet, Juan Marcos"]
[Black "Sarrate Presas, Jordi"]
[Result "0-1"]
[WhiteElo "1887"]
[BlackElo "1770"]
[PlyCount "120"]
[EventDate "2017.07.13"]
[EventType "swiss"]
[EventRounds "9"]
[EventCountry "ESP"]
[SourceTitle "EXT 2018"]
[Source "ChessBase"]
[SourceDate "2017.10.13"]
[SourceVersion "1"]
[SourceVersionDate "2017.10.13"]
[SourceQuality "1"]

1. e4 c5 2. Nf3 a6 3. c4 e6 4. d4 cxd4 5. Nxd4 Nf6 6. Nc3 Bb4 7. Nc2 Bxc3+ 8. bxc3 Nxe4 9. Qg4 f5 10. Qxg7 Qf6 11. Qxf6 Nxf6 12. Bf4 Nc6 13. Nd4 Ne7 14. Be5 Kf7 15. Be2 Ng6 16. Bc7 Ne4 17. Rc1 Ke7 18. f3 Nc5 19. Nb3 Na4 20. c5 e5 21. h4 Kf6 22. g3 Ne7 23. f4 exf4 24. gxf4 Nc6 25. Nd4 Re8 26. Bd6 b6 27. Nxc6 dxc6 28. Be5+ Ke7 29. Rg1 Nxc5 30. Rg7+ Kf8 31. Rxh7 Be6 32. Rd1 Ne4 33. Bh5 Bg8 34. Bxe8 Rxe8 35. Rh8 Nxc3 36. Rd7 Nd5 37. Kf2 Ne7 38. Bd6 Kg7 39. Rxg8+ Kxg8 40. Rxe7 Rxe7 41. Bxe7 Kf7 42. Bd8 b5 43. Bb6 Kg6 44. Ke3 Kh5 45. Bd8 c5 46. Be7 c4 47. Kd4 Kg4 48. Ke5 c3 49. h5 Kxh5 50. Kxf5 a5 51. Ke6 b4 52. Bf6 a4 53. Bd4 c2 54. Be3 b3 55. axb3 a3 56. f5 a2 57. f6 a1Q 58. f7 Qa6+ 59. Ke7 Qb7+ 60. Kf8 Kg6 0-1

[Event "Llinars del Valles op 11th"]
[Site "Llinars del Valles"]
[Date "2017.05.27"]
[Round "6"]
[White "Sarrate Presas, Jordi"]
[Black "Sentis Baena, Samuel"]
[Result "1-0"]
[WhiteElo "1842"]
[BlackElo "1577"]
[PlyCount "83"]
[EventDate "2017.04.22"]
[EventType "swiss"]
[EventRounds "9"]
[EventCountry "CAT"]
[SourceTitle "EXT 2018"]
[Source "ChessBase"]
[SourceDate "2017.10.13"]
[SourceVersion "1"]
[SourceVersionDate "2017.10.13"]
[SourceQuality "1"]

1. c4 e5 2. Nc3 Nf6 3. g3 Nc6 4. Bg2 Bc5 5. e3 d6 6. Nge2 a6 7. d4 Ba7 8. h3 exd4 9. exd4 0-0 10. 0-0 Ne7 11. b4 c5 12. bxc5 dxc5 13. d5 Qd6 14. Bf4 Qd8 15. Qb3 Ng6 16. Be3 Rb8 17. a4 Qb6 18. Qxb6 Bxb6 19. a5 Ba7 20. Na4 Nd7 21. f4 b5 22. axb6 Bxb6 23. Rab1 f5 24. Nxb6 Rxb6 25. Rxb6 Nxb6 26. Bxc5 Re8 27. Bxb6 Rxe2 28. Rd1 Bb7 29. c5 Rb2 30. Bh1 Ne7 31. d6 Bxh1 32. Kxh1 Nc6 33. d7 a5 34. d8Q+ Nxd8 35. Rxd8+ Kf7 36. c6 a4 37. c7 a3 38. c8Q Rxb6 39. Qc7+ Kf6 40. Qxb6+ Ke7 41. Qd6+ Kf7 42. Rf8# 1-0

[Event "Roncana op-A 10th"]
[Site "Santa Eulalia de Roncana"]
[Date "2016.10.22"]
[Round "5"]
[White "Sarrate Presas, Jordi"]
[Black "Bosch Ricart, Joan"]
[Result "1-0"]
[WhiteElo "1811"]
[BlackElo "1678"]
[PlyCount "85"]
[EventDate "2016.09.24"]
[EventType "swiss"]
[EventRounds "8"]
[EventCountry "ESP"]
[SourceTitle "EXT 2018"]
[Source "ChessBase"]
[SourceDate "2017.10.13"]
[SourceVersion "1"]
[SourceVersionDate "2017.10.13"]
[SourceQuality "1"]

1. c4 e5 2. Nc3 Nf6 3. g3 Be7 4. Bg2 d6 5. e3 0-0 6. Nge2 c6 7. d4 Qc7 8. 0-0 Rd8 9. d5 cxd5 10. cxd5 Bd7 11. e4 Na6 12. a3 Rac8 13. h3 b6 14. Be3 Qb7 15. f4 Qb8 16. f5 h6 17. g4 Nh7 18. Qe1 f6 19. Kh1 Nc5 20. Ng1 Be8 21. Nf3 Nd7 22. h4 Bf7 23. Qg3 Kh8 24. g5 fxg5 25. hxg5 hxg5 26. Nxg5 Bxg5 27. Bxg5 Nxg5 28. Qxg5 Nf6 29. Bf3 Qb7 30. Rf2 Bg8 31. Rh2+ Nh7 32. Rg1 Qf7 33. Qg6 Qf6 34. Rg3 a6 35. Rgh3 Qxg6 36. fxg6 Rf8 37. Rxh7+ Bxh7 38. Rxh7+ Kg8 39. Bg4 Rce8 40. Be6+ Rxe6 41. dxe6 Rf6 42. e7 Re6 43. Nd5 1-0

[Event "Roncana op-A 10th"]
[Site "Santa Eulalia de Roncana"]
[Date "2016.10.08"]
[Round "3"]
[White "Sarrate Presas, Jordi"]
[Black "Prats Safont, Sergi"]
[Result "1/2-1/2"]
[WhiteElo "1811"]
[BlackElo "1562"]
[PlyCount "92"]
[EventDate "2016.09.24"]
[EventType "swiss"]
[EventRounds "8"]
[EventCountry "ESP"]
[SourceTitle "EXT 2018"]
[Source "ChessBase"]
[SourceDate "2017.10.13"]
[SourceVersion "1"]
[SourceVersionDate "2017.10.13"]
[SourceQuality "1"]

1. c4 c5 2. Nc3 e6 3. g3 Nf6 4. Bg2 d6 5. e3 a6 6. Nge2 Be7 7. 0-0 Qc7 8. b3 Nbd7 9. d4 cxd4 10. exd4 Rb8 11. a4 b6 12. d5 e5 13. Na2 0-0 14. Nb4 Bb7 15. Nc3 Rbc8 16. Nc6 Nb8 17. Nxe7+ Qxe7 18. Be3 Qc7 19. f4 exf4 20. Rxf4 Nfd7 21. Qh5 f5 22. Rxf5 Nf6 23. Qf3 Nbd7 24. Rf1 Rce8 25. Bf2 Ne5 26. Qd1 Bc8 27. Rf4 Neg4 28. Qd4 Nxf2 29. R4xf2 Qc5 30. Qxc5 bxc5 31. Ne4 Nxe4 32. Rxf8+ Rxf8 33. Rxf8+ Kxf8 34. Bxe4 g6 35. a5 Bg4 36. Bc2 Kf7 37. Kf2 Kf6 38. Ke3 Ke5 39. Kd3 Bf5+ 40. Kc3 Bg4 41. Bd3 Bh3 42. b4 cxb4+ 43. Kxb4 Kd4 44. Be2 Bf5 45. g4 Bd7 46. h3 Bc8 1/2-1/2

[Event "Llinars del Valles op-A 10th"]
[Site "Llinars del Valles"]
[Date "2016.04.02"]
[Round "1"]
[White "Lopez Pajuelo, Aleix"]
[Black "Sarrate Presas, Jordi"]
[Result "1-0"]
[WhiteElo "1903"]
[BlackElo "1439"]
[PlyCount "83"]
[EventDate "2016.04.02"]
[EventType "swiss"]
[EventRounds "9"]
[EventCountry "ESP"]
[SourceTitle "CBM 172 Extra"]
[Source "ChessBase"]
[SourceDate "2016.06.21"]
[SourceVersion "1"]
[SourceVersionDate "2016.06.21"]
[SourceQuality "1"]

1. d4 c5 2. d5 d6 3. c4 e5 4. dxe6 Bxe6 5. e4 Nc6 6. f4 f5 7. Nc3 Nf6 8. exf5 Bxf5 9. Be2 g6 10. Nf3 a6 11. 0-0 Bg7 12. Nh4 Bd7 13. Qxd6 Ng4 14. Bxg4 Bxg4 15. Re1+ Ne7 16. Qxd8+ Rxd8 17. Nd5 Bd4+ 18. Be3 Rxd5 19. cxd5 Bxe3+ 20. Rxe3 Kd7 21. Rd3 Rf8 22. g3 Kd6 23. Ng2 c4 24. Rd2 Bf3 25. Ne3 b5 26. a4 Nf5 27. Kf2 Be4 28. axb5 axb5 29. Ra6+ Kc5 30. Rc6+ Kb4 31. Re6 Bd3 32. Nxf5 Rxf5 33. Re5 Kc5 34. Rxf5 gxf5 35. d6 Kxd6 36. Ke3 Kc5 37. Rd1 b4 38. Ra1 b3 39. Ra7 Kb4 40. Kd4 h6 41. Rb7+ Ka4 42. Kc5 1-0

[Event "Roncana op-B 8th"]
[Site "Santa Eulalia de Roncana"]
[Date "2014.11.15"]
[Round "5"]
[White "Sarrate Presas, Jordi"]
[Black "Garcia Torres, Adolfo"]
[Result "1/2-1/2"]
[WhiteElo "1890"]
[BlackElo "1731"]
[PlyCount "93"]
[EventDate "2014.10.11"]
[EventType "swiss"]
[EventRounds "8"]
[EventCountry "ESP"]
[SourceTitle "EXT 2016"]
[Source "ChessBase"]
[SourceDate "2015.10.08"]
[SourceVersion "1"]
[SourceVersionDate "2015.10.08"]
[SourceQuality "1"]

1. e4 e5 2. Nf3 Nf6 3. Nxe5 Qe7 4. Nf3 Nxe4 5. Qe2 Nc6 6. d3 Nf6 7. Qxe7+ Bxe7 8. d4 0-0 9. Bd3 Re8 10. 0-0 Nb4 11. Ne1 b6 12. a3 Nxd3 13. Nxd3 Bb7 14. c4 Be4 15. Nf4 Bd6 16. Nc3 c6 17. Re1 g5 18. Nxe4 Nxe4 19. Nd3 h6 20. Be3 Nf6 21. c5 Bc7 22. Re2 Re7 23. Rae1 Rae8 24. Nc1 Nd5 25. Bd2 f5 26. Rxe7 Rxe7 27. Rxe7 Nxe7 28. Nd3 Ng6 29. g3 Kg7 30. f4 g4 31. Kf2 h5 32. Ne5 Bxe5 33. dxe5 Kf7 34. Be3 b5 35. Ke2 Ke6 36. Kd3 Kd5 37. b4 Nf8 38. Bf2 Ne6 39. Be3 Nd8 40. Bd4 Nb7 41. Be3 a5 42. Bf2 axb4 43. axb4 Nd8 44. Be3 Ne6 45. Bf2 Nc7 46. Be3 Na6 47. Bd2 1/2-1/2

[Event "Llinars del Valles op-B 8th"]
[Site "Llinars del Valles"]
[Date "2014.05.17"]
[Round "4"]
[White "Herrera Galera, Gerard"]
[Black "Sarrate Presas, Jordi"]
[Result "1/2-1/2"]
[WhiteElo "1796"]
[BlackElo "1911"]
[PlyCount "49"]
[EventDate "2014.04.26"]
[EventType "swiss"]
[EventRounds "8"]
[EventCountry "ESP"]
[SourceTitle "EXT 2015"]
[Source "ChessBase"]
[SourceDate "2014.11.20"]
[SourceVersion "1"]
[SourceVersionDate "2014.11.20"]
[SourceQuality "1"]

1. d4 d5 2. Nf3 Nf6 3. g3 e6 4. Bg5 Nbd7 5. Bg2 h6 6. Bf4 Be7 7. Nbd2 c5 8. c3 b6 9. Ne5 Nxe5 10. Bxe5 Bd6 11. f4 Bxe5 12. dxe5 Nd7 13. c4 Bb7 14. Qb3 dxc4 15. Nxc4 Bxg2 16. Rg1 Bd5 17. Nd6+ Kf8 18. Qd3 c4 19. Qa3 Qe7 20. e4 Bc6 21. Rc1 Nc5 22. Rxc4 a5 23. Rg2 Rd8 24. Rd2 Kg8 25. Rdd4 1/2-1/2

[Event "Llinars del Valles op-B 8th"]
[Site "Llinars del Valles"]
[Date "2014.05.03"]
[Round "2"]
[White "Vicente Perales, Manel"]
[Black "Sarrate Presas, Jordi"]
[Result "0-1"]
[WhiteElo "1757"]
[BlackElo "1911"]
[PlyCount "46"]
[EventDate "2014.04.26"]
[EventType "swiss"]
[EventRounds "8"]
[EventCountry "ESP"]
[SourceTitle "EXT 2015"]
[Source "ChessBase"]
[SourceDate "2014.11.20"]
[SourceVersion "1"]
[SourceVersionDate "2014.11.20"]
[SourceQuality "1"]

1. d4 d5 2. Nf3 Nf6 3. e3 e6 4. Bd3 Bd6 5. Nbd2 Nbd7 6. c3 b6 7. 0-0 0-0 8. Qe2 Bb7 9. e4 e5 10. Re1 Re8 11. a3 exd4 12. cxd4 dxe4 13. Nxe4 Nxe4 14. Qc2 Nef6 15. Bg5 h6 16. Bh4 c5 17. Bxf6 Nxf6 18. Ne5 Bxe5 19. dxe5 Qd5 20. f3 Rxe5 21. Bc4 Qd4+ 22. Kh1 Rae8 23. Rad1 Rxe1+ 0-1

[Event "Roncana op-B 7th"]
[Site "Santa Eulalia de Roncana"]
[Date "2013.11.30"]
[Round "8"]
[White "Sarrate Presas, Jordi"]
[Black "Alcaraz Aguilera, David"]
[Result "1-0"]
[WhiteElo "1365"]
[BlackElo "1693"]
[PlyCount "91"]
[EventDate "2013.10.05"]
[EventType "swiss"]
[EventRounds "8"]
[EventCountry "ESP"]
[SourceTitle "EXT 2015"]
[Source "ChessBase"]
[SourceDate "2014.11.20"]
[SourceVersion "1"]
[SourceVersionDate "2014.11.20"]
[SourceQuality "1"]

1. e4 e6 2. d4 b6 3. Nc3 Bb4 4. Bd2 Bb7 5. Nge2 Ne7 6. a3 Bxc3 7. Nxc3 0-0 8. Bd3 d6 9. Qe2 Nd7 10. 0-0-0 c5 11. d5 Ne5 12. Bg5 f6 13. Bh4 Qc8 14. f4 Nxd3+ 15. Qxd3 Ng6 16. Bg3 f5 17. dxe6 Qxe6 18. exf5 Rxf5 19. Qxd6 Qxd6 20. Rxd6 Bxg2 21. Rg1 Bh3 22. Rd7 Rxf4 23. Rxg7+ Kxg7 24. Bxf4 Kf7 25. Bd2 a6 26. Rg5 Be6 27. Rh5 Kg8 28. Na4 Rb8 29. h4 c4 30. Rh6 Bd7 31. Nc3 Rf8 32. Be3 Rf1+ 33. Kd2 Rh1 34. h5 Kg7 35. hxg6 Rxh6 36. Bxh6+ Kxh6 37. gxh7 Kxh7 38. Nd5 b5 39. Nf6+ Kg6 40. Nxd7 Kf5 41. Ke3 a5 42. Kd4 Ke6 43. Ne5 Kd6 44. Nxc4+ bxc4 45. Kxc4 Kc6 46. b4 1-0

[Event "Roncana op-C 5th"]
[Site "Santa Eulalia de Roncana"]
[Date "2011.11.26"]
[Round "8"]
[White "Sarrate Presas, Jordi"]
[Black "Valero Canovas, Marc"]
[Result "1-0"]
[WhiteElo "1745"]
[BlackElo "1718"]
[PlyCount "52"]
[EventDate "2011.10.01"]
[EventType "swiss"]
[EventRounds "8"]
[EventCountry "ESP"]
[SourceTitle "EXT 2013"]
[Source "ChessBase"]
[SourceDate "2012.11.22"]
[SourceVersion "1"]
[SourceVersionDate "2012.11.22"]
[SourceQuality "1"]

1. e4 e5 2. Nf3 d6 3. Bc4 Nf6 4. Ng5 Be6 5. Nxe6 fxe6 6. Bxe6 Nbd7 7. Nc3 Qe7 8. Bc4 Nb6 9. Bb3 0-0-0 10. d3 d5 11. Be3 Ng4 12. Bxb6 axb6 13. Nxd5 Qe8 14. Qd2 g6 15. h3 Nh6 16. Qb4 Qc6 17. Qa3 Kb8 18. c4 b5 19. cxb5 Qxb5 20. Bc4 Qe8 21. Qb3 b6 22. Nxb6 Qc6 23. Na8+ Kxa8 24. Bd5 Qxd5 25. Qxd5+ Kb8 26. Rc1 Rd7 1-0

[Event "Roncana op-C 5th"]
[Site "Santa Eulalia de Roncana"]
[Date "2011.11.05"]
[Round "5"]
[White "Ruiz Alba, Javier"]
[Black "Sarrate Presas, Jordi"]
[Result "1-0"]
[WhiteElo "1700"]
[BlackElo "1745"]
[PlyCount "71"]
[EventDate "2011.10.01"]
[EventType "swiss"]
[EventRounds "8"]
[EventCountry "ESP"]
[SourceTitle "EXT 2013"]
[Source "ChessBase"]
[SourceDate "2012.11.22"]
[SourceVersion "1"]
[SourceVersionDate "2012.11.22"]
[SourceQuality "1"]

1. d4 d5 2. c4 dxc4 3. Qa4+ Bd7 4. Qxc4 b5 5. Qd3 e6 6. e4 Nc6 7. a3 b4 8. Nf3 Nf6 9. Be3 Rb8 10. Be2 Na5 11. e5 Bb5 12. Qd2 Nb3 13. Bxb5+ Nd7 14. Qd3 Nxa1 15. 0-0 b3 16. Bxd7+ Qxd7 17. Ne1 Qb5 18. Qc3 c6 19. Nd2 Be7 20. Ne4 0-0 21. Qc1 Nc2 22. Nxc2 bxc2 23. Qxc2 Rfc8 24. Rb1 Bxa3 25. Nd6 Bxd6 26. exd6 Qd5 27. Qa4 Qe4 28. Qa2 Rb3 29. h3 Rcb8 30. Kh2 Qc2 31. Bc1 Ra3 32. Qxa3 Qxb1 33. Qxa7 Rd8 34. Qc7 Rxd6 35. Qc8+ Rd8 36. Qxd8# 1-0